Statistiques concernant Harry Potter: Ollivander - Fabricants de baguettes magiques

Cliquez ici pour prendre le quiz!

Statistiques générales

  • Ce quiz a été pris 62 fois
  • Le résultat moyen est 8 sur 12

Statistiques - réponses

InformationRéponses% Correct
NationAngleterre
93%
Produits vendusBaguettes magiques
93%
Première apparitionHarry Potter à l'école des sorciers
93%
PaysRoyaume-Uni
93%
EmplacementChemin de Traverse
89%
VilleLondres
87%
Dernière apparitionHarry Potter et le Prince de Sang-Mêlé
78%
FonctionCommerciale
67%
PropriétaireGarrick Ollivander
52%
PropriétaireGervais Ollivander
13%
PropriétaireGerbold Ollivander
11%
PropriétaireGeraint Ollivander
7%

Distribution des résultats

Percentile par nombre de réponses

% des personnes avec chaque résultat

Votre développement - résultats

Vous n’avez pas pris ce quiz